[Event "GER-chT School WK H+R"]
[Site "Playchess.com INT"]
[Date "2020.06.10"]
[Round "2.2"]
[White "Haubold, Christian Lucas"]
[Black "Lang, Nico"]
[Result "0-1"]
[WhiteElo "1831"]
[BlackElo "1890"]
[PlyCount "156"]
[EventDate "2020.06.10"]
[EventType "team-swiss (blitz)"]
[EventRounds "7"]
[EventCountry "GER"]
[SourceTitle "EXT 2021"]
[Source "ChessBase"]
[SourceDate "2020.10.23"]
[SourceVersion "1"]
[SourceVersionDate "2020.10.23"]
[SourceQuality "1"]
[WhiteTeam "Aschersleben Adam Olearius"]
[BlackTeam "Ahlen Fritz"]
[WhiteTeamCountry "GER"]
[BlackTeamCountry "GER"]

1. e4 c5 2. Nf3 e6 3. d4 cxd4 4. Nxd4 a6 5. Nc3 Qc7 6. Be3 Bb4 7. Qd3 Nf6 8. Bd2 d5 9. exd5 Nxd5 10. Nxd5 Bxd2+ 11. Qxd2 exd5 12. c3 0-0 13. Bd3 Re8+ 14. Ne2 Bg4 15. f3 Bh5 16. Qc2 Bg6 17. Bxg6 hxg6 18. 0-0-0 Nc6 19. Rxd5 Qe7 20. Ng3 Qe3+ 21. Kb1 Rad8 22. Rhd1 Rxd5 23. Rxd5 Qg1+ 24. Rd1 Qxh2 25. Ne4 Rc8 26. Qb3 b5 27. Nd6 Rf8 28. Qc2 Rd8 29. Ne4 Rxd1+ 30. Qxd1 Qxg2 31. Qd5 Qf1+ 32. Kc2 Qc4 33. Qd7 Nb4+ 34. Kd2 Qd5+ 35. Qxd5 Nxd5 36. Nc5 Nc7 37. Kd3 Kf8 38. Kd4 Ke7 39. Ke5 f6+ 40. Kd4 g5 41. Ke4 Kd6 42. Nb7+ Kc6 43. Nd8+ Kd7 44. Nb7 Ne6 45. Kf5 Ke7 46. b4 Nf4 47. Nc5 g6+ 48. Ke4 f5+ 49. Ke3 Nd5+ 50. Kd4 Nc7 51. Ke5 g4 52. fxg4 fxg4 53. Kf4 Ne6+ 54. Kxg4 Nxc5 55. bxc5 Kd7 56. Kg5 Kc6 57. Kxg6 Kxc5 58. Kf5 Kc4 59. Ke4 Kxc3 60. Ke3 Kb2 61. Kd3 Kxa2 62. Kc3 Ka3 63. Kc2 b4 64. Kb1 Kb3 65. Ka1 a5 66. Kb1 a4 67. Ka1 Kc2 68. Ka2 b3+ 69. Ka3 b2 70. Kxa4 b1Q 71. Ka5 Qb3 72. Ka6 Qb4 73. Ka7 Qb5 74. Ka8 Kc3 75. Ka7 Kc4 76. Ka8 Kc5 77. Ka7 Kc6 78. Ka8 Qb7# 0-1

[Event "GER-ch Net Amateur Gr-B Vor3"]
[Site "Playchess.com INT"]
[Date "2020.04.16"]
[Round "8"]
[White "Lang, Nico"]
[Black "Ploder, Udo"]
[Result "0-1"]
[WhiteElo "1486"]
[BlackElo "1624"]
[PlyCount "36"]
[EventDate "2020.04.16"]
[EventType "swiss (blitz)"]
[EventRounds "9"]
[EventCountry "GER"]
[SourceTitle "CBM 195 Extra"]
[Source "ChessBase"]
[SourceDate "2020.05.31"]
[SourceVersion "1"]
[SourceVersionDate "2020.05.31"]
[SourceQuality "1"]

1. e4 e5 2. Nf3 Nc6 3. Bc4 Nf6 4. Ng5 d5 5. exd5 b5 6. Bb3 Nd4 7. c4 h6 8. Nf3 Bg4 9. d3 Bxf3 10. gxf3 Bb4+ 11. Bd2 Qe7 12. a3 Bxd2+ 13. Nxd2 Nh5 14. Ne4 Nf4 15. cxb5 Qh4 16. Bc4 Qh3 17. Ng3 Qg2 18. b4 Nxf3+ 0-1

[Event "Dortmund Sparkassen op-B 47th"]
[Site "Dortmund"]
[Date "2019.07.13"]
[Round "1"]
[White "Lang, Nico"]
[Black "Kleinert, Andreas"]
[Result "0-1"]
[WhiteElo "1543"]
[BlackElo "1759"]
[PlyCount "108"]
[EventDate "2019.07.13"]
[EventType "swiss"]
[EventRounds "9"]
[EventCountry "GER"]
[SourceTitle "CBM 192 Extra"]
[Source "Chessbase"]
[SourceDate "2019.11.06"]
[SourceVersion "1"]
[SourceVersionDate "2019.11.06"]
[SourceQuality "1"]

1. e4 d6 2. d4 Nf6 3. Bd3 e5 4. c3 Nbd7 5. f4 exd4 6. cxd4 c5 7. e5 dxe5 8. dxe5 Nd5 9. Bb5 Qa5+ 10. Nc3 Nxc3 11. Bxd7+ Bxd7 12. Qd2 Rd8 13. Qxc3 Qxc3+ 14. bxc3 Bc6 15. Nf3 Rd3 16. Bd2 Bxf3 17. gxf3 Rxf3 18. Ke2 Rh3 19. Be3 Rh6 20. f5 Rc6 21. Rab1 b6 22. Rhd1 Be7 23. Rb2 Rc7 24. Rg1 h6 25. Rd2 Bg5 26. Bxg5 hxg5 27. Kf3 Rh3+ 28. Rg3 Rxg3+ 29. hxg3 b5 30. Rd5 a6 31. Rd6 Ra7 32. Ke4 a5 33. Kd5 b4 34. Kc4 bxc3 35. Kxc3 Rb7 36. Ra6 Rb4 37. Rxa5 Rg4 38. a4 Rxg3+ 39. Kc4 Rf3 40. Kd5 Rd3+ 41. Kc4 Rf3 42. Kxc5 g4 43. Rb5 g3 44. Rb1 g2 45. Kd6 Rd3+ 46. Kc6 Rc3+ 47. Kb6 Rb3+ 48. Rxb3 g1Q+ 49. Kc6 Qg2+ 50. Kb6 Qf2+ 51. Ka6 Qxf5 52. Rb8+ Kd7 53. Rb7+ Kc8 54. a5 Qxe5 0-1